000
00203 a2200097 4500
020
_a
9780241396957
041
_a
eng
100
_a
Jeff Kinney
245
_a
Diary of a wimpy kid the deep end
942
_c
BK
999
_c
28898
_d
28898